000
00279nam a22001217a 4500
082
_a
823
_b
DAH/S
100
_a
DAHL,ROALD
245
_a
SKIN AND OTHER STORIES
246
_a
SKIN AND OTHER STORIES
_b
SKIN AND OTHER STORIES
260
_a
LONDON
_b
PUFFIN
300
_a
213
942
_c
BK
999
_c
8440
_d
8440